<?xml version="1.0" encoding="UTF-8"?>
<record
    xmlns:xsi="http://www.w3.org/2001/XMLSchema-instance"
    xsi:schemaLocation="http://www.loc.gov/MARC21/slim http://www.loc.gov/standards/marcxml/schema/MARC21slim.xsd"
    xmlns="http://www.loc.gov/MARC21/slim">

  <leader>00933nam a2200217Ia 4500</leader>
  <controlfield tag="003">IN-BaIIA</controlfield>
  <controlfield tag="008">211028s9999    xx            000 0 eng d</controlfield>
  <datafield tag="040" ind1=" " ind2=" ">
    <subfield code="c">IIA Library</subfield>
  </datafield>
  <datafield tag="080" ind1=" " ind2=" ">
    <subfield code="a">524.352(082.2)</subfield>
    <subfield code="b">SUP</subfield>
  </datafield>
  <datafield tag="100" ind1=" " ind2=" ">
    <subfield code="a">Labhardt, Lukas</subfield>
    <subfield code="9">23180</subfield>
  </datafield>
  <datafield tag="111" ind1=" " ind2=" ">
    <subfield code="a">Colloquium Held in Honor of Gustav Andreas Tammann on the Occasion of His 65th Birthday</subfield>
    <subfield code="c">Augst, Switzerland</subfield>
    <subfield code="d">35594</subfield>
    <subfield code="9">23181</subfield>
  </datafield>
  <datafield tag="245" ind1=" " ind2="0">
    <subfield code="a">Supernovae and cosmology</subfield>
    <subfield code="b">proceedings of a colloquium held in honor of Gustav Andreas Tammann on the occasion of his 65th birthday, held in Augst, Switzerland, 13 Jun 1997</subfield>
    <subfield code="c">Lukas Labhardt, Bruno Binggeliand Ronald Buser                                          </subfield>
  </datafield>
  <datafield tag="260" ind1=" " ind2=" ">
    <subfield code="a">Switzerland</subfield>
    <subfield code="b">Astronomisches Institut der Universitat Basel</subfield>
    <subfield code="c">1998</subfield>
  </datafield>
  <datafield tag="300" ind1=" " ind2=" ">
    <subfield code="a">xi, 227p.</subfield>
  </datafield>
  <datafield tag="650" ind1=" " ind2=" ">
    <subfield code="a">Cosmic rays</subfield>
  </datafield>
  <datafield tag="650" ind1=" " ind2=" ">
    <subfield code="a">Cosmology</subfield>
  </datafield>
  <datafield tag="650" ind1=" " ind2=" ">
    <subfield code="a">Supernovae</subfield>
  </datafield>
  <datafield tag="700" ind1=" " ind2=" ">
    <subfield code="a">Binggeli, Bruno</subfield>
    <subfield code="9">23182</subfield>
  </datafield>
  <datafield tag="700" ind1=" " ind2=" ">
    <subfield code="a">Buser, Ronald .</subfield>
    <subfield code="9">23183</subfield>
  </datafield>
  <datafield tag="942" ind1=" " ind2=" ">
    <subfield code="c">BK</subfield>
  </datafield>
  <datafield tag="999" ind1=" " ind2=" ">
    <subfield code="c">13159</subfield>
    <subfield code="d">13159</subfield>
  </datafield>
  <datafield tag="952" ind1=" " ind2=" ">
    <subfield code="0">0</subfield>
    <subfield code="1">0</subfield>
    <subfield code="4">0</subfield>
    <subfield code="7">0</subfield>
    <subfield code="a">BAN</subfield>
    <subfield code="b">BAN</subfield>
    <subfield code="c">GEN</subfield>
    <subfield code="d">1999-09-03</subfield>
    <subfield code="e">AIUB  </subfield>
    <subfield code="l">0</subfield>
    <subfield code="o">524.352(082.2)/ SUP</subfield>
    <subfield code="p">14076</subfield>
    <subfield code="r">2021-11-05</subfield>
    <subfield code="w">1999-09-03</subfield>
    <subfield code="y">BK</subfield>
    <subfield code=" ">40</subfield>
  </datafield>
</record>
